000 00621cab a2200193 4500
001 ABS43856
008 090401t1990 xxu||||| |||| 00| 0 eng d
035 _a(Sirsi) u43850
041 _aeng
100 _aDean, J.
245 _aNo park, no scheme?
260 _c1990
350 _a0
490 _aValuer (ISVA)
_v59(10) December 1990, 18-19(2)
520 _aPoints out some of the planning and design implications of car parks as car ownership continues to increase. Table of building costs for different types of car parks included.
690 _aPLANNING LAW AND PRACTICE
942 _n0
948 _c04/03/1997
999 _c27952
_d27952